000 00614nam a2200181Ia 4500
008 151202s9999||||xx |||||||||||||| ||und||
082 _bPNVM-40522
100 _aतेंडूलकर प्रिया.
245 _aपंचतारांकित.
260 _b"डिंपल पब्लिकेशन, ठाणे."
260 _c1989
300 _a144
600 _aतेंडूलकर प्रिया.
630 _aपंचतारांकित.
700 _aतेंडूलकर प्रिया.
730 _aपंचतारांकित.
942 _cBOOK
999 _c1306474
_d1306471